| 000 | 00881nam a2200265 i 4500 | ||
|---|---|---|---|
| 001 | 45405 | ||
| 003 | ES-MaACL | ||
| 005 | 20250824225558.0 | ||
| 007 | t| | ||
| 008 | 030325s1956 sp ||||1| spa d | ||
| 080 | _a929 Canaris, Wihelm | ||
| 080 | _a355.40(430)"1933/45" | ||
| 100 | 1 |
_aColvin, Ian. _939920 |
|
| 245 | 1 | 0 |
_aCanaris _b: jefe del servicio secreto alemán / _cIan Colvin ; [traducción directa del inglés por Víctor Scholz]. |
| 250 | _a1ª ed. | ||
| 260 |
_aBarcelona : _bA.H.R., _c[1956] ( _fGarcía) |
||
| 300 |
_a331 p. ; _c21 cm. |
||
| 490 | 1 | _aLibros que hacen historia | |
| 600 | 1 | 4 |
_aCanaris, Wilhelm ( _d1887-1945) _9173483 |
| 650 | 4 |
_aServicios de inteligencia- _zAlemania. _9173482 |
|
| 700 | 1 |
_aScholz, Víctor. _9104643 |
|
| 830 | 1 | 0 |
_aLibros que hacen historia (AHR) _9182055 |
| 852 |
_aES-MaACL _jC-10943 |
||
| 999 |
_c45405 _d45405 |
||